书目信息 |
| 题名: |
大型汽轮发电机励磁系统技术条件
|
|
| 作者: | ;国家能源局 | |
| 分册: | ||
| 出版信息: | 2011.04 |
|
| 页数: | 21页 | |
| 开本: | 20cm | |
| 丛书名: | ||
| 单 册: | ||
| 中图分类: | TM311 | |
| 科图分类: | ||
| 主题词: | 发电机 , 发电机--机组 | |
| 电子资源: | ||
| ISBN: | ||
| 000 | 00607nam0 2200205 450 | |
| 001 | 1734373358 | |
| 005 | 20171212093358.13 | |
| 010 | @dCNY13.00 | |
| 100 | @a20171212d2011 km y0chiy0120 ea | |
| 101 | 0 | @achi |
| 200 | 1 | @a大型汽轮发电机励磁系统技术条件@Ada xing qi lun fa dian ji li ci xi tong ji shu tiao jian@eDL/T 843-2010@f国家能源局@Fguo jia neng yuan ju |
| 210 | @d2011.04 | |
| 215 | @a21页@d20cm | |
| 517 | 1 | @aDL/T 843-2010 |
| 606 | 0 | @a发电机 |
| 606 | 0 | @a发电机@x机组 |
| 690 | @aTM311@v4 | |
| 711 | 02 | @a国家能源局@Aguo jia neng yuan ju |
| 801 | 0 | @aCN@bMUSE@c20171212 |
| 905 | @aMUSE@dTM311@eG930 | |
| 大型汽轮发电机励磁系统技术条件:DL/T 843-2010/国家能源局.-2011.04 |
| 21页;20cm |
| ISBN :CNY13.00 |
| ● |
| 相关链接 |
|
|
|
正题名:大型汽轮发电机励磁系统技术条件
索取号:TM311/G930
 
预约/预借
| 序号 | 登录号 | 条形码 | 馆藏地/架位号 | 状态 | 备注 |
| 1 | 1237261 | 212372617 | 电气与控制工程学院资料室/ [索取号:TM311/G930] | 在馆 |